| 000 | 01091cam a22003137a 4500 | ||
|---|---|---|---|
| 003 | CHAP | ||
| 005 | 20220329134605.0 | ||
| 008 | 971013s1994 mx r 10110 spa d | ||
| 010 | _a22674 | ||
| 011 | _a23646 | ||
| 035 | _a27743 | ||
| 040 | _cCHAP | ||
| 082 |
_a634.956 _bR44 1994 |
||
| 111 | 0 | 0 |
_aReunión Nacional de Plantaciones Forestales ( _n4 _d: 1994 _c: México, D. F.) _996514 |
| 245 | 1 | 0 |
_aPlantaciones _b: producir para conservar : memoria |
| 260 |
_aMéxico, D.F. : _bSubsecretaria Forestal y de Fauna Silvestre, _c1994 |
||
| 300 | _a548 p. | ||
| 590 |
_aBATCH-UPD _b10 _c20130110 _lUCH01 _h1820 |
||
| 590 |
_aBATCH-UPD _b10 _c20130410 _lUCH01 _h1154 |
||
| 590 |
_aBATCH-UPD _b10 _c20130914 _lUCH01 _h1917 |
||
| 590 |
_aCONVERSION _b10 _c20130109 _lUCH01 _h1313 |
||
| 650 | 1 | 4 |
_aPlantación de árboles. _988782 |
| 650 | 1 | 4 |
_aReforestación. _995474 |
| 901 | _aBK | ||
| 905 | _aAlejandra Carrasco M. | ||
| 942 | _cLIBRO | ||
| 949 |
_a634.956 R44 1994 _bBC _cCONG _d33724000614574 _eCONG _h87099 _i27743 _mD _si |
||
| 949 |
_a634.956 R44 1994 _bCIESTAM _cLIBRO _d277431 _eLIBRO _h145 _i27743 _sb |
||
| 999 |
_c22674 _d22674 |
||